Statistiques concernant Géographie chinoise sur la carte

Cliquez ici pour prendre le quiz!

Statistiques générales

  • Ce quiz a été pris 815 fois
    (746 depuis la dernière actualisation)
  • Le résultat moyen est 11 sur 25

Statistiques - réponses

Answers % Correct
Pékin
95%
Himalaya
90%
Désert de {Gobi}
87%
Everest
77%
Hong Kong
76%
Guangzhou
74%
Shanghai
74%
Tibet
71%
Fleuve {Jaune}
62%
K2
59%
Mékong
47%
Yangzi Jiang
44%
Xi'an
38%
Mongolie-Intérieure
35%
Hainan
35%
Chengdu
27%
Rivière des {Perles}
23%
Harbin
19%
Guangdong
15%
Hubei
10%
Shandong
8%
Lac {Qinghai}
6%
Liaodong
5%
Kailash
3%
Tianzi
3%

Distribution des résultats

Percentile by Number Answered

% des personnes avec chaque résultat

Votre développement - résultats

Vous n’avez pas pris ce quiz depuis la dernière actualisation